Quizzes
Events
Quiz Creation
Community
Videos
Private Events
Remove Ads
Sign In
Join for FREE
Feedback
Dark Mode
Quiz Categories
Sports
Geography
Music
Movies
Television
Just For Fun
Miscellaneous
History
Literature
Language
Science
Gaming
Entertainment
Religion
Holiday
For Kids
Quiz Lab
Recent
Popular Today
Quiz Kudos Today
Editor Picks
Curator Picks
Quizzes by...
Day
Popularity
Type
Ratings
Length
Year
Community
Subscriptions
Recent Discussions
Orange Saloon
Badges
Playlists
Quests
Create
Leaderboards
Showdown
Live 5
Trivia Bingo
Activity
Puzzle Library
Sporcle Events
Private Events
Virtual Trivia
Globe League
Become a Host
Pub Owners
SporcleCon
Opinionation
Our Games
Videos
Blog
Mobile Apps
Partnerships
Remove Ads and Go Orange
Feedback
Geography
Country
Landmarks
City
State
Population
World
Capital
Continent
Flags
Europe
Africa
Asia
South America
North America
Oceania
Border
Canada
United Kingdom
Topography
United States
Geography
Country
Landmarks
City
State
Population
World
Capital
Continent
Flags
Europe
Africa
Asia
South America
North America
Oceania
Border
Canada
United Kingdom
Topography
United States
Random Quiz
Search Sporcle
×
Quiz Lab
Quiz Lab
Geography
Country
Type in answers that appear in a list
Type in answers that appear in a list
Classic
Best Score? Go Orange.
Natural Features of Countries Quiz Stats
We give you the natural feature. You tell us the country where it's located.
By
Diyazshree
4m
21 Questions
87 Plays
87 Plays
87 Plays
Comments
Comments
Give Quiz Kudos
Give Quiz Kudos
-
- Ratings
hide this ad
More Info
Forced Order
Answers have to be entered in order
Answers have to be entered in order
Replay
Link that replays current quiz
Next Quiz
Link to next quiz in quiz playlist
You Got
0%
They Got
Avg Score
61%
Avg Friend Score
Upgrade to see
Score Distribution
Jump to the score distribution portion of the page
Score
0/21
Timer
04:00
0
Plays Today
Natural Feature
Country
% Correct
Grand Canyon
United States
100%
Mt. Fuji
Japan
88.5%
Uluru
Australia
78.2%
Cape of Good Hope
South Africa
78.2%
Mt. Kilimanjaro
Tanzania
73.6%
Yellow River
China
71.3%
Yucatan Peninsula
Mexico
67.8%
Bali Island
Indonesia
67.8%
Galapagos Islands
Ecuador
66.7%
Eyjafjallajokull
Iceland
66.7%
Mt. Etna
Italy
66.7%
Natural Feature
Country
% Correct
Angel Falls
Venezuela
65.5%
Lake Baikal
Russia
65.5%
Atacama Desert
Chile
57.5%
Jutland Peninsula
Denmark
52.9%
Bay of Fundy
Canada
48.3%
The Dardanelles
Turkey
46%
Andaman Islands
India
42.5%
Annapurna
Nepal
32.2%
Arenal Volcano
Costa Rica
29.9%
Lake Balaton
Hungary
28.7%
Quiz Playlist
Details
Report
Send in Message
Add To Playlist
More Info:
Answer must Correspond to the yellow box.
Classic:
Type in answers that appear in a list
Forced Order:
Answers have to be entered in order
Last Updated: Feb 16, 2017
Quiz Scoreboard
CHALLENGE
Sign Up to Join the Scoreboard
Show All
Scores
Hide
Comments
May contain spoilers
Recently Published
Alphabetical 'K' Countries by Flag Minefield
by ylime102
Geography
3m
Pick 6: Fruits
by JohnFran
Miscellaneous
15s
Click the 1999 NBA Draft
by nibperrychub
Sports
2m
More to Explore
Quiz From the Vault
Featured Blog Post
15 Basketball Trivia Facts You Can Be March Mad About
hide this ad
You Might Also Like...
Tags
Country Quiz
feature
natural
Today's Top Quizzes in Geography
Browse Geography
hide this ad
Today's Top Quizzes in Country
Browse Country
Top Contributed Quizzes in Geography
1
Countries of the World - No Outlines Minefield
2
Pick 6: Mountains
3
Lietuvos savivaldybės (Lithuanian Municipalities)
4
Alphabetical 'L' Countries By Flag Minefield
5
Least Populated Answer: 'G' Countries
6
Alphabetical 'M' Countries By Flag Minefield
7
Pick 6: National Parks
8
Pick 6: US States
9
African Flag Reveal XXXVI
10
Find the Landmarks A-Z
Explore More
Trending Topics
Harry Potter
Anime
NBA
Kpop
Crossword
Disney
Marvel
The Office
Song
Soccer
NFL
Puzzle
WWE
Pokémon
Country
hide this ad
More By:
Diyazshree
Quiz
Plays
Rating
Category
Featured
Created
Book Title by Synonyms
253
5.00
Literature
Apr 25, 2016
First Names of Female Singers
159
5.00
Music
Apr 22, 2016
Warsaw Pact Countries
142
3.50
Miscellaneous
Apr 22, 2016
Cities With Most Billionaires
106
5.00
Just For Fun
Apr 14, 2016
Natural Features of Countries Quiz
87
3.75
Geography
Apr 22, 2016
Go to Creator's Profile
Score Distribution
Quiz Creator Spotlight
Diyazshree
Follow
Send a Message
Quizzes Created
-
Created Quiz Play Count
-
More By This Creator
Popular Quizzes Today
1
Countries of Asia Without Outlines Minefield
2
Find the US States - No Outlines Minefield
3
Pick 6: Fruits
4
Alphabetical 'K' Countries by Flag Minefield
5
The Countries of the World
6
Find the US States
7
US States
8
Match the Book to the Film X
More Geography Quizzes
Letter Pyramid - Asian Countries
Published
Trending Quizzes
Pick 6: Mountains
Pick 6: Harry Potter
Pick 6: NFL Teams
Pick 6: Movie Franchises
Pick 6: Golfers
Recently Updated
NWSL Teams
pecheneg
Women's Final Four Teams by Year
bhenderson79
Presidents Quartet II
eogle
Anything But Clue(do)
eogle
Anything But Oceanian Capitals
eogle
Anything But 7
eogle
Anything But Thing
eogle
Word Ladder: February 29
pecheneg
Song Title Questions
pecheneg
Women's NCAA Tournament #1 Seeds
pecheneg
Trending Topics
Kpop
Crossword
Marvel
Disney
NBA
Harry Potter
Anime
Song
WWE
Country
NFL
Puzzle
The Office
Soccer
Pokémon
Your Account Isn't Verified!
In order to create a playlist on Sporcle, you need to verify the email address you used during registration. Go to your
Sporcle Settings
to finish the process.
Report this User
Report this user for behavior that violates our
Community Guidelines
.
Details:
Send Report
Go to the Sporcle.com Mobile Site →
Comments